Curso completo de contabilidad (Registro nro. 1773)

Detalles MARC
000 -LEADER
fixed length control field 00987 a2200217 4500
001 - CONTROL NUMBER
control field 28982
005 - DATE AND TIME OF LATEST TRANSACTION
control field 20260407155558.0
008 - FIXED-LENGTH DATA ELEMENTS--GENERAL INFORMATION
fixed length control field 260407a1945 arg spa d
003 - CONTROL NUMBER IDENTIFIER
control field AR-UNSa-BCEJYS
040 ## - CATALOGING SOURCE
Original cataloging agency AR-UNSa-BCEJYS
Language of cataloging spa
Transcribing agency AR-UNSa-BCEJYS
080 ## - UNIVERSAL DECIMAL CLASSIFICATION NUMBER
Universal Decimal Classification number 657
Common auxiliary subdivision Contabilidad
041 ## - LANGUAGE CODE
Language code of text/sound track or separate title spa
100 1# - MAIN ENTRY--PERSONAL NAME
Personal name Himmelblau, David
245 10 - TITLE STATEMENT
Title Curso completo de contabilidad
264 #1 - PRODUCTION, PUBLICATION, DISTRIBUTION, MANUFACTURE, AND COPYRIGHT NOTICE
Place of production, publication, distribution, manufacture México :
Name of producer, publisher, distributor, manufacturer Unión Tipográfica Editorial Hispano-Americana (UTEHA)
Date of production, publication, distribution, manufacture, or copyright notice 1945
300 ## - PHYSICAL DESCRIPTION
Extent 10 v.
Dimensions 25 cm.
505 ## - FORMATTED CONTENTS NOTE
Formatted contents note Vol. I: Fundamentos de contabilidad -- Vol. II: Principio de contabilidad -- Vol. III: Instrucciones y prácticas -- Vol. V: Contabilidad avanzada -- Vol. VI: Introducción a la contabilidad de costos -- Vol. VII: Procedimiento contable para los costos estandar Vol. VIII: Auditoría -- Vol. IX: Investigaciones para usos financieros -- Vol. X: Estados consolidados -- Vol XI:
590 ## - LOCAL NOTE (RLIN)
Local note niveau_biblio:m niveau_hierar:0
700 1# - ADDED ENTRY--PERSONAL NAME
Personal name Northwestern University
942 ## - ADDED ENTRY ELEMENTS (KOHA)
Koha item type

No hay ítems disponibles.